000 00658nam a22002297a 4500
003 UA-OsUOA
001 66521
007 ta
008 20100112b un ||||| |||| 00| 0 ukr d
100 _aДергачова В.
700 _aСавельєв М.
090 _a330(477)
_bД36
942 _cSA
040 _aUA-OsUOA
_bukr
_cUA-OsUOA
_dUA-OsUOA
245 _aМоніторинг національного розвитку як фактор економічної безпеки держави
300 _aС.19-29
955 _a0
041 _aukr
080 _a330(477)
773 0 _w66519
650 7 _a330 Економіка взагалі
_2UDC
999 _c352797
_d352797